[Event "Marienbad Open GM 2020"]
[Site "Marianske Lazne"]
[Date "2020.01.21"]
[Round "5.4"]
[White "Kovalev, Andrei"]
[Black "Makarian, Rudik"]
[Result "1/2-1/2"]
[WhiteElo "2489"]
[BlackElo "2403"]
[Annotator "TA"]
[PlyCount "41"]
[EventDate "2020.01.18"]
[EventType "tourn"]
[EventCountry "CZE"]
[SourceTitle "playchess.com"]
[Source "ChessBase"]
[SourceQuality "1"]

{[%evp 14,17,0,-2,11,-13]} 1. e4 e5 2. Nf3 Nc6 3. Nc3 Nf6 4. d4 exd4 5. Nxd4 Bb4 6. Nxc6 bxc6 7. Bd3 d5 8. exd5 O-O {C47: Scotch Four Knights and Four Knights with 4 g3} 9. O-O {Predecessor:} cxd5 $146 10. Bg5 c6 11. Qf3 Bd6 12. Rae1 Rb8 13. Nd1 h6 14. Bxf6 Qxf6 15. Qxf6 gxf6 16. b3 f5 17. Ne3 f4 18. Nf5 Bxf5 19. Bxf5 Kg7 20. g3 Kf6 21. Bd3 {½-½ (30) Movsesian,S (2654)-Ding,L (2811) Khanty-Mansiysk 2019} 1/2-1/2

[Event "Marienbad Open GM 2020"]
[Site "Marianske Lazne"]
[Date "2020.01.21"]
[Round "5.5"]
[White "Baenziger, Fabian"]
[Black "Bracker, Arne"]
[Result "1-0"]
[WhiteElo "2412"]
[BlackElo "2243"]
[Annotator "TA"]
[PlyCount "61"]
[EventDate "2020.01.18"]
[EventType "tourn"]
[EventCountry "CZE"]
[SourceTitle "playchess.com"]
[Source "ChessBase"]
[SourceQuality "1"]

{[%evp 26,61,86,97,126,123,135,116,113,83,91,79,89,95,92,55,93,47,291,267,289,296,575,577,583,596,823,431,434,425,438,432,436,427,409,403,5357,5297]} 1. d4 Nf6 2. c4 e6 3. Nf3 d5 4. g3 Be7 5. Bg2 O-O 6. O-O Nbd7 7. Qc2 c6 8. Rd1 b6 9. b3 Bb7 10. Nc3 Rc8 11. e4 c5 12. exd5 exd5 13. Bb2 dxc4 14. d5 {Threatens to win with d6.} Bd6 {E08: Closed Catalan: Main Line: 7 Qc2} (14... Ne8 15. Nb5 Bf6 16. Nxa7 cxb3 17. axb3 Bxb2 18. Qxb2 Ra8 19. Nd2 Qc7 20. Nc4 Nd6 21. Nc6 Rfe8 22. Rxa8 Bxa8 {½-½ (31) Szczepanski,Z (2515)-Antonov,N (2415) ICCF email 2014}) 15. bxc4 a6 16. Bh3 $146 ({Predecessor:} 16. a4 Re8 17. Re1 Ne5 18. Ne4 Nxe4 19. Rxe4 Ng6 20. Rae1 Rxe4 21. Qxe4 Qe7 22. Qc2 {1-0 (37) Odendahl,R (2389)-Hecht,H (2384) Solingen 2005}) 16... Re8 {White is better.} 17. Ng5 Be5 18. Rab1 Rb8 19. Re1 {Hoping for Bxd7.} h6 20. Nf3 Bd6 21. Nh4 Ne5 $2 {[#]} ({Black should try} 21... b5 $14) 22. Ne4 $1 $18 {[%cal Re4f6]} Nxe4 23. Rxe4 ({Weaker is} 23. Qxe4 b5 $11) 23... Bc8 $2 {[#]} (23... b5 {was necessary.}) 24. Bxc8 $1 Qxc8 25. Rbe1 g5 26. Bxe5 Rxe5 27. Rxe5 Bxe5 28. Rxe5 {Black must now prevent Nf5.} gxh4 29. Qd2 Kh7 30. Qf4 Qc7 (30... Qg8 $142 31. Qxh4 Qg6) 31. d6 {Accuracy: White = 67%, Black = 35%.} 1-0

[Event "Marienbad Open GM 2020"]
[Site "Marianske Lazne"]
[Date "2020.01.22"]
[Round "6.1"]
[White "Bai, Adelard"]
[Black "Bracker, Arne"]
[Result "0-1"]
[WhiteElo "2430"]
[BlackElo "2243"]
[Annotator "TA"]
[PlyCount "108"]
[EventDate "2020.01.18"]
[EventType "tourn"]
[EventCountry "CZE"]
[SourceTitle "playchess.com"]
[Source "ChessBase"]
[SourceQuality "1"]

{[%evp 21,108,6,17,8,10,0,15,10,28,0,26,20,18,0,-4,-18,16,-10,28,0,15,0,0,0,0,-57,-29,-29,-10,-22,-17,-29,-30,-127,-114,-164,-170,-191,-165,-316,-312,-292,-301,-294,-316,-370,-371,-421,-418,-429,-429,-414,-420,-456,-415,-408,-403,-489,-429,-477,-418,-575,-459,-449,-445,-564,-524,-571,-535,-512,-405,-517,-504,-819,-812,-781,-737,-1575,-1589,-1277,-1272,-1085,-1027,-2391,-2215,-6697,-6081,-4914,-1867]} 1. d4 Nf6 2. c4 e6 3. Nf3 d5 4. g3 Be7 5. Bg2 O-O 6. O-O dxc4 7. Qc2 a6 8. a4 Bd7 9. Qxc4 Bc6 10. Bg5 Nbd7 11. Nc3 h6 12. Bxf6 {E05: Open Catalan: 5 Nf3 Be7} Nxf6 13. Rac1 (13. Rfd1 Qd6 14. Qd3 Rfd8 15. e4 Qb4 16. Qc2 Rac8 17. Rd2 Qb6 18. Rad1 Bb4 19. Ne5 Be8 {0-1 (60) Le,Q (2713)-Aronian,L (2775) Moscow 2019}) 13... a5 14. Rfd1 {The position is equal.} Bb4 15. Nb5 Bxf3 $146 ({Predecessor:} 15... Qe7 16. Ne5 Bxg2 17. Kxg2 c6 18. Nc3 Rfd8 19. Qb3 Qc7 {½-½ (33) Loehr,M (2208)-Tschlatscher,T (2125) Wuerttemberg 2017}) 16. Bxf3 c6 17. Nc3 Qe7 18. e4 Ra6 19. h4 Rd8 20. Ne2 Raa8 21. Nf4 Nd7 22. Bg2 e5 23. Ne2 ({White should play} 23. Ng6 $1 $11 Qd6 24. Nxe5 Nxe5 25. dxe5 Qxe5 26. Qc2) 23... Qf6 24. d5 cxd5 25. exd5 Bc5 $36 {[%mdl 2048] Black is more active.} 26. Rf1 Rac8 {White must now prevent ...Bxf2+!} 27. Qg4 {[#]} (27. Qb5 $11 {remains equal.}) 27... Qb6 $1 $17 28. Nc3 Qxb2 {...Bxf2+! is the strong threat.} 29. Qf3 Nf6 30. Rb1 $2 {[#]} (30. Bh3 {was necessary.} e4 31. Qe2 Qxe2 32. Nxe2) 30... Qxc3 $1 {[%mdl 512]} 31. Qxc3 Bxf2+ $1 {[%mdl 64] Discovered Attack} 32. Rxf2 Rxc3 33. Rxb7 Rxg3 34. Rb5 Rxd5 35. Rxd5 Nxd5 $19 {[%mdl 4096] Endgame KRB-KRN} 36. Kh2 Rd3 37. Rc2 {And now Rc8+ would win.} g6 38. Rc5 Nf4 {aiming for ...Rd2.} 39. Be4 Rh3+ 40. Kg1 Rxh4 41. Bc6 Nd3 42. Rxa5 e4 43. Ra8+ Kg7 44. Re8 f5 45. a5 {intending a6.} Nb4 46. Bb7 Rh3 {Black is clearly winning.} 47. Re5 (47. Bxe4 $142 fxe4 48. Rxe4) 47... Ra3 48. Rb5 Nd3 49. a6 e3 50. Kf1 Ra2 {( -> ...e2+)} 51. Bf3 Rxa6 52. Ke2 Ra3 53. Rb1 Nf4+ 54. Ke1 Kf6 {Accuracy: White = 22%, Black = 58%.} 0-1

[Event "Marienbad Open GM 2020"]
[Site "Marianske Lazne"]
[Date "2020.01.22"]
[Round "6.2"]
[White "Makarian, Rudik"]
[Black "Baenziger, Fabian"]
[Result "1-0"]
[WhiteElo "2403"]
[BlackElo "2412"]
[Annotator "TA"]
[PlyCount "37"]
[EventDate "2020.01.18"]
[EventType "tourn"]
[EventCountry "CZE"]
[SourceTitle "playchess.com"]
[Source "ChessBase"]
[SourceQuality "1"]

{[%evp 9,37,18,16,19,55,24,156,165,222,198,252,229,257,257,375,337,365,346,332,328,363,363,622,619,643,664,928,924,915,906]} 1. d4 d5 2. Bf4 Nf6 3. e3 c5 4. dxc5 Nc6 5. Bb5 e6 6. b4 {D00: 1 d4 d5: Unusual lines.} Nd7 7. c3 {[#]} Qf6 $146 (7... a5 $11) ({Predecessor:} 7... g5 8. Bg3 Bg7 9. Nf3 a5 10. bxa5 Qxa5 11. a4 Nxc5 12. Nxg5 h6 13. Nf3 Ne4 14. O-O O-O 15. Ra3 Rd8 16. Bh4 Rd6 17. Nfd2 Nc5 18. Nc4 {1-0 (18) Jakubowski,K (2564)-Santos,A (2247) Figueira da Foz 2015}) 8. Nf3 $16 {White is clearly better.} e5 {[#]} (8... a5 $142) 9. Bg3 $1 $18 e4 (9... a6 $142) 10. Nd4 h5 11. h4 Nce5 (11... Be7 {might work better.} 12. Qa4 Nce5) 12. Qb3 a6 13. Bxd7+ Bxd7 14. Qxd5 {[%mdl 64] [#] Double Attack} Nd3+ 15. Ke2 Bg4+ $2 (15... Bc6 16. Nxc6 Qxc6 17. Qxc6+ bxc6) 16. f3 {White is clearly winning.} Qg6 17. Nd2 Bxf3+ 18. gxf3 Qxg3 19. Qxe4+ {Accuracy: White = 92%, Black = 19%.} 1-0

[Event "Marienbad Open GM 2020"]
[Site "Marianske Lazne"]
[Date "2020.01.22"]
[Round "6.3"]
[White "Dev, Shah"]
[Black "Kovalev, Andrei"]
[Result "0-1"]
[WhiteElo "2320"]
[BlackElo "2489"]
[Annotator "ChessBase"]
[PlyCount "81"]
[EventDate "2020.01.18"]
[EventType "tourn"]
[EventCountry "CZE"]
[SourceTitle "playchess.com"]
[Source "ChessBase"]
[SourceQuality "1"]
[TimeControl "40/5400+30:1800+30"]

1. d4 {[%emt 0:02:38]} d6 {[%emt 0:00:00]} 2. c4 {[%emt 0:00:45]} e5 {[%emt 0:00:11]} 3. Nc3 {[%emt 0:00:21]} exd4 {[%emt 0:01:34]} 4. Qxd4 {[%emt 0:00:12]} Nf6 {[%emt 0:00:13]} 5. e4 {[%emt 0:02:22]} g6 {[%emt 0:03:11]} 6. Nf3 {[%emt 0:06:57]} Bg7 {[%emt 0:01:14]} 7. Qd2 {[%emt 0:04:36]} O-O {[%emt 0:03:35]} 8. Bd3 {[%emt 0:01:23]} Nc6 {[%emt 0:04:52]} 9. O-O {[%emt 0:06:20]} Bg4 {[%emt 0:01:00]} 10. Ne1 {[%emt 0:00:20]} Re8 {[%emt 0:05:26]} 11. Nc2 {[%emt 0:06:48]} Ne5 {[%emt 0:07:18]} 12. f3 {[%emt 0:13:24]} Be6 {[%emt 0:03:01]} 13. b3 {[%emt 0:10:56]} c6 {[%emt 0:05:56]} 14. Ba3 {[%emt 0:14:49]} d5 {[%emt 0:06:04]} 15. cxd5 {[%emt 0:02:00]} cxd5 {[%emt 0:01:18]} 16. Rad1 {[%emt 0:01:09]} Qb6+ {[%emt 0:07:47]} 17. Kh1 {[%emt 0:05:03]} Nxd3 {[%emt 0:06:00]} 18. Qxd3 {[%emt 0:00:34]} dxe4 {[%emt 0:00:59]} 19. fxe4 {[%emt 0:03:45]} Ng4 {[%emt 0:09:05]} 20. Nd4 {[%emt 0:01:15]} Rad8 {[%emt 0:06:56]} 21. Nce2 {[%emt 0:01:11]} Qc7 {[%emt 0:02:35]} 22. g3 {[%emt 0:00:22]} Qa5 {[%emt 0:00:10]} 23. Bc1 {[%emt 0:05:13]} Qxa2 {[%emt 0:07:36]} 24. Rd2 {[%emt 0:01:24]} Qa5 {[%emt 0:01:24]} 25. Qb5 {[%emt 0:00:43]} Qxb5 {[%emt 0:01:15]} 26. Nxb5 {[%emt 0:00:02]} Rxd2 {[%emt 0:01:43]} 27. Bxd2 {[%emt 0:00:28]} Bxb3 {[%emt 0:00:09]} 28. Rf4 {[%emt 0:01:03]} Rxe4 {[%emt 0:02:38]} 29. Rxe4 {[%emt 0:00:37]} Nf2+ {[%emt 0:00:04]} 30. Kg2 {[%emt 0:00:10]} Nxe4 {[%emt 0:00:04]} 31. Be3 {[%emt 0:00:23]} Bc4 {[%emt 0:02:34]} 32. Nbd4 {[%emt 0:00:09]} a5 {[%emt 0:00:45]} 33. Kf3 {[%emt 0:00:14]} f5 {[%emt 0:01:12]} 34. g4 {[%emt 0:00:07]} Bxe2+ {[%emt 0:01:58]} 35. Nxe2 {[%emt 0:00:17]} a4 {[%emt 0:00:25]} 36. Bc1 {[%emt 0:00:10]} b5 {[%emt 0:00:19]} 37. gxf5 {[%emt 0:00:09]} gxf5 {[%emt 0:00:00]} 38. Ba3 {[%emt 0:00:02]} Nd2+ {[%emt 0:00:19]} 39. Kf4 {[%emt 0:00:07]} Nc4 {[%emt 0:00:02]} 40. Bb4 {[%emt 0:00:03]} a3 {[%emt 0:00:14]} 41. Nc1 {[%emt 0:30:11]} 0-1

[Event "Marienbad Open GM 2020"]
[Site "Marianske Lazne"]
[Date "2020.01.22"]
[Round "6.4"]
[White "Quesada Perez, Luis Ernesto"]
[Black "Plat, Vojtech"]
[Result "1/2-1/2"]
[WhiteElo "2491"]
[BlackElo "2589"]
[Annotator "TA"]
[PlyCount "30"]
[EventDate "2020.01.18"]
[EventType "tourn"]
[EventCountry "CZE"]
[SourceTitle "playchess.com"]
[Source "ChessBase"]
[SourceQuality "1"]

{[%evp 11,30,25,31,32,39,13,22,0,0,0,0,-9,-9,-15,-4,-21,-18,-7,-10,-6,0]} 1. d4 d6 2. e4 Nf6 3. Nc3 e5 4. dxe5 dxe5 5. Qxd8+ Kxd8 6. Nf3 Bd6 7. Be3 {B07: Pirc Defence: Miscellaneous Systems} Ke7 (7... a6 8. O-O-O Nbd7 9. h3 Ke7 10. Nd2 b5 11. f3 Bc5 12. Bg5 c6 13. Nb3 Bb6 14. Kb1 h6 {½-½ (58) Hovhannisyan,R (2637)-Khismatullin,D (2621) St Petersburg 2018}) 8. O-O-O Be6 {The position is equal.} 9. Ng5 Ng4 $1 10. Nxe6 Nxe3 11. Rd3 $146 {Nxc7 is the strong threat.} ({Predecessor:} 11. Rxd6 Kxd6 12. Ng5 f6 13. Nf7+ Ke6 14. Nxh8 Nxf1 15. Nd5 Na6 16. Rxf1 c6 {½-½ (16) Staroske,U (2306)-Bocanegra Moreno,R (2335) LSS email 2010}) 11... fxe6 ({Wrong is} 11... Nxf1 $2 12. Nxg7 Rg8 13. Nf5+ Ke6 14. Rxf1 $18) 12. Rxe3 Bc5 13. Rg3 g6 14. Nd1 Nd7 15. Rd3 Rad8 1/2-1/2

[Event "Marienbad Open GM 2020"]
[Site "Marianske Lazne"]
[Date "2020.01.22"]
[Round "6.5"]
[White "Swicarz, Maciej"]
[Black "Siddharth, Jagadeesh"]
[Result "0-1"]
[WhiteElo "2357"]
[BlackElo "2301"]
[Annotator "TA"]
[PlyCount "88"]
[EventDate "2020.01.18"]
[EventType "tourn"]
[EventCountry "CZE"]
[SourceTitle "playchess.com"]
[Source "ChessBase"]
[SourceQuality "1"]

{[%evp 12,88,12,-4,22,18,75,75,80,75,80,72,110,100,126,117,137,161,181,179,204,163,221,170,275,276,302,181,160,158,177,85,130,133,151,135,131,58,67,-18,-19,-39,-41,-38,0,-38,0,0,3,-102,17,-105,-18,-152,-159,-290,-187,-274,-250,-360,-350,-409,-380,-712,-703,-736,-733,-722,-708,-1027,-1029,-820,-1115,-1101,-1058,-956,-883,-1516,-788]} 1. c4 c5 2. Nf3 Nc6 3. Nc3 g6 4. e3 Nf6 5. d4 cxd4 6. exd4 d5 7. Bg5 {Hoping for Bxf6.} Bg7 {A35: Symmetrical English: 2 Nc3 Nc6 3 Nf3} (7... Be6 8. Bxf6 exf6 9. Be2 Bb4 10. cxd5 Bxd5 11. O-O O-O 12. Rc1 Bxf3 13. Bxf3 Nxd4 14. Bxb7 Rb8 15. Nd5 Ne6 16. Nxb4 Rxb7 {½-½ (37) Ivanchuk,V (2713)-Muzychuk,A (2569) Caleta 2019}) 8. Bxf6 Bxf6 (8... exf6 $11 9. cxd5 Ne7) 9. cxd5 $16 Nb8 {White is better.} 10. Bc4 O-O 11. h3 Qc7 $146 ({Predecessor:} 11... Na6 12. O-O Nc7 13. a4 Ne8 14. Re1 Nd6 15. Bb3 {½-½ (62) Kraai,J (2453)-Zaichik,G (2516) Seattle 2003}) 12. Bb3 $36 {[%mdl 2048] White is really pushing.} b5 13. O-O a6 14. Rc1 Qb6 15. Ne5 Bb7 16. Qg4 Kg7 (16... a5 $142 17. d6 e6) 17. Nd1 Qd6 (17... a5 $142) 18. Ne3 $18 Kh8 19. f4 (19. Qg3 $142) 19... a5 20. Rc5 Qb6 21. Kh1 (21. Qe2 $18 {is more deadly.}) 21... a4 22. Bc2 Na6 23. Nd7 {[%mdl 64] Double Attack} Qd6 {next ...h5 is good for Black.} 24. Nxf8 (24. Nxf6 $16 Qxf6 25. Rxb5) 24... Nxc5 $14 25. Nxh7 ({White should play} 25. dxc5 $14 Qxc5 26. Nd7 Qxe3 27. Nxf6 exf6 28. Qd7 {[%mdl 64] Double Attack}) 25... Kxh7 $11 26. f5 {[%cal Rf5g6]} g5 {And now ...Na6 would win.} 27. dxc5 Qxc5 28. Qf3 Qd4 29. Be4 Qxb2 {[#]} 30. h4 (30. d6 $1 $11 {[%mdl 512]} Bxe4 (30... exd6 31. Bxb7) 31. Qxe4 {[%mdl 64] Double Attack}) 30... gxh4 {[#]} (30... Rh8 $1 $17 {White must now prevent ...Kg7.} 31. Kg1 gxh4) 31. Rg1 (31. d6 $1 $11 {[%mdl 512]} Bxe4 (31... exd6 32. Bxb7) 32. Qxe4) 31... Rg8 {[#]} ({Of course not} 31... Qxa2 $6 32. d6 $1 $11 {[%mdl 512]}) (31... Rc8 $1 $17 32. Ng4 Rc4) 32. g4 {[#]} (32. d6 $1 $11 {[%mdl 512] keeps the balance.} Bxe4 (32... exd6 33. Bxb7) 33. Qh5+ Kg7 34. Qg4+ Kf8 35. dxe7+ Bxe7 36. Qxe4) 32... Rg5 $1 $17 ({Weaker is} 32... Qxa2 {[#]} 33. g5 $1 $11 {[%mdl 512]}) 33. Rg2 (33. Nd1 $17 Qxa2 34. Nf2) 33... Qc1+ 34. Rg1 (34. Nd1 {keeps fighting.}) 34... Qc3 35. Qf2 (35. Kg2 $142) 35... Kg8 $19 {Strongly threatening ...Bd4.} 36. Qf4 b4 {[%cal Bb5b4,Bb4b3][%mdl 32]} 37. Rb1 $2 (37. Nd1 Qd4 38. Ne3) 37... b3 {Black is clearly winning.} 38. a3 b2 39. Kg2 Qxa3 40. Nc4 Qb3 41. Rxb2 Qxc4 42. Rxb7 a3 {[%cal Ba4a3,Ba3a2][%mdl 32]} 43. Ra7 a2 44. Kh2 Qc3 {Accuracy: White = 23%, Black = 43%.} 0-1

[Event "Marienbad Open GM 2020"]
[Site "Marianske Lazne"]
[Date "2020.01.23"]
[Round "7.1"]
[White "Siddharth, Jagadeesh"]
[Black "Bai, Adelard"]
[Result "1-0"]
[WhiteElo "2301"]
[BlackElo "2430"]
[Annotator "TA"]
[PlyCount "89"]
[EventDate "2020.01.18"]
[EventType "tourn"]
[EventCountry "CZE"]
[SourceTitle "playchess.com"]
[Source "ChessBase"]
[SourceQuality "1"]

{[%evp 12,89,10,1,48,41,48,0,0,0,34,14,28,0,0,0,31,35,21,23,30,37,35,35,65,21,41,18,46,48,188,175,186,189,188,177,401,203,233,232,253,237,263,255,310,309,318,321,348,352,352,318,457,441,435,402,632,612,701,529,479,435,428,337,432,432,435,429,1108,1077,29990,683,1101,1102,29990,29991,29992,29993,29994,29995]} 1. d4 d5 2. e3 Nf6 3. Bd3 e6 4. Nf3 c5 5. b3 cxd4 6. exd4 Nc6 7. O-O Ne4 {D05: Colle System with ...e6} (7... g6 8. Re1 Bg7 9. Ba3 Ne7 10. Nbd2 O-O 11. Ne5 b6 12. Qe2 Bb7 13. Rad1 Qc7 14. Ndf3 Nf5 15. Bxf8 Rxf8 {½-½ (44) Karjakin,S (2750)-Yu,Y (2752) Saint Louis 2019}) 8. Bb2 f5 9. Ne5 $146 ({Predecessor:} 9. c4 Bd6 10. Nc3 Ne7 11. Ne5 O-O 12. Qe1 b6 13. Nb5 Bb8 14. cxd5 exd5 15. f3 {1-0 (39) Biljanic,L (2260)-Nomin Erdene,D (2421) Novi Sad 2016}) 9... Nxe5 {The position is equal.} 10. dxe5 Be7 11. Qh5+ g6 12. Qe2 Bd7 13. c4 {[#] aiming for cxd5.} O-O 14. cxd5 exd5 15. Nc3 {[%cal Bb1c3,Bc3b5,Bb5d6][%mdl 32]} Be6 16. Nb5 $36 {[%mdl 2048] White has some pressure.} Bc5 17. Rac1 {Bxe4 is the strong threat.} Qe7 18. Nd6 {[%cal Rd3e4]} Bb6 19. Ba3 Qg5 20. Nxb7 f4 (20... Rac8 $14) 21. Bxe4 $18 ({Stronger than} 21. Bxf8 Rxf8 22. h4 (22. Bxe4 $2 dxe4 23. h4 Qxe5 $19) 22... Qxe5 $11) 21... dxe4 22. Qxe4 ({But not} 22. Bxf8 $2 {[#]} f3 $1 $19 {[%mdl 512]}) 22... f3 {[%csl Gf3][%cal Rg5g2]} 23. g3 Qh5 $2 (23... Qf5 24. Qxf5 Rxf5) 24. h4 (24. Bxf8 $142 Rxf8 25. h4) 24... Rfc8 25. Bc5 Qf5 26. Qxf5 Bxf5 27. b4 Rc7 28. Nd6 Be6 29. a3 Rc6 30. Rc3 Bxc5 31. Rxc5 Ra6 (31... Rxc5 {was called for.} 32. bxc5 Bd5) 32. Rc3 Rf8 33. Ne4 Rf5 (33... h5 $142 34. Ng5 Rc8) 34. Nf6+ Kf8 35. Nxh7+ Kg7 36. Ng5 Rxe5 37. Nxe6+ Rexe6 38. Rxf3 {[%mdl 4096] Endgame KRR-KRR} Re2 39. Rc1 Ra2 (39... Re7 $142 40. Kg2 Rd6) 40. Rc7+ Kh6 41. Rff7 (41. g4 $142 Rc6 42. Rxc6 Rd2 43. Rf7 Rd4 44. f3 Rd5 45. Kg2 Re5 46. Rcc7 Re2+ 47. Kg3 Rg2+ 48. Kxg2 g5 49. Rf6#) 41... Kh5 42. Rc5+ Kh6 43. g4 {White mates.} g5 44. h5 R2xa3 45. Rcc7 {Accuracy: White = 63%, Black = 13%.} 1-0

[Event "Marienbad Open GM 2020"]
[Site "Marianske Lazne"]
[Date "2020.01.23"]
[Round "7.2"]
[White "Plat, Vojtech"]
[Black "Swicarz, Maciej"]
[Result "1-0"]
[WhiteElo "2589"]
[BlackElo "2357"]
[Annotator "TA"]
[PlyCount "97"]
[EventDate "2020.01.18"]
[EventType "tourn"]
[EventCountry "CZE"]
[SourceTitle "playchess.com"]
[Source "ChessBase"]
[SourceQuality "1"]

{[%evp 9,97,0,0,-12,61,47,50,50,54,53,61,80,74,53,108,75,104,68,75,87,104,71,75,88,123,120,115,118,126,130,146,147,228,200,218,110,118,112,112,116,118,117,106,81,177,177,177,177,177,177,399,411,411,401,411,236,251,230,411,411,411,411,397,396,599,386,375,363,348,350,335,328,463,455,631,557,608,589,679,674,1174,1156,1095,1059,1040,1026,889,583,904,788]} 1. d4 Nf6 2. Nf3 g6 3. e3 Bg7 4. Nbd2 d5 5. c4 c5 (5... O-O 6. b4 a5 7. b5 c5 8. bxc6 Nxc6 9. Ba3 Bf5 10. Nh4 Bg4 11. Be2 Bxe2 12. Qxe2 e5 13. Bxf8 Qxf8 14. dxe5 Nxe5 {½-½ (128) Stefanova,A (2481)-Batsiashvili,N (2528) Tbilisi 2018}) 6. dxc5 {D02: 1 d4 d5 2 Nf3 sidelines, including 2...Nf6 3 g3 and 2...Nf6 3 Bf4} Qa5 ({Black should play} 6... O-O $11) 7. a3 $14 dxc4 $146 ({Predecessor:} 7... Qxc5 8. b4 Qd6 9. Bb2 O-O 10. cxd5 Qxd5 11. Bc4 Qd8 {½-½ (28) Ankitha,G (1630)-Chandreyee,H (1818) Bihar 2014}) 8. Bxc4 {White is slightly better.} Qxc5 9. b4 Qb6 10. Bb2 O-O 11. O-O $36 {[%mdl 2048] White is pushing.} Bd7 (11... Be6 $14) 12. Rc1 Bb5 13. Nd4 Bxc4 14. Nxc4 Qd8 15. Na5 b6 16. Nac6 Nxc6 17. Nxc6 ({Resist} 17. Rxc6 Qd5 $14) 17... Qc7 18. Be5 Qb7 19. Qd4 Ne8 20. Rfd1 f6 (20... h6 $16 21. e4 Kh7) 21. Qc4+ $18 Kh8 22. Nd8 (22. Bg3 $18) 22... Nd6 $16 ({Wrong is} 22... Rxd8 $2 23. Rxd8 fxe5 24. Qc8 $18) 23. Nxb7 Nxc4 24. Rxc4 {[#] Strongly threatening Bc7.} fxe5 25. Rc7 Bf6 26. e4 Rfc8 {[#]} (26... h5 $16) 27. Rxc8+ $1 $18 Rxc8 28. Rd8+ Rxd8 29. Nxd8 {[%mdl 4096] Endgame KB-KN} b5 $2 (29... Kg7 30. b5 Kf8) 30. Ne6 a6 31. Kf1 Kg8 32. Ke2 (32. Nc7 $142) 32... Kf7 33. Nc7 Bg5 $2 (33... e6 34. Nxa6 Bd8) 34. Nxa6 Bc1 35. Kd3 Bxa3 {intending ...Ke6.} 36. Kc3 Ke6 (36... Bc1 $142 37. Nc7 Bf4) 37. Nc7+ Kd7 38. Nxb5 Bc1 39. Kc4 Kc6 40. Nc3 e6 (40... Kd6 $142 41. Na4 g5) 41. Na4 {White is clearly winning.} Bd2 42. Nc5 Kd6 43. b5 Be1 44. b6 Bxf2 45. b7 Kc7 46. Nxe6+ Kxb7 47. Kd5 Bg1 48. h3 Bh2 49. Nf8 {Accuracy: White = 68%, Black = 44%.} 1-0

[Event "Marienbad Open GM 2020"]
[Site "Marianske Lazne"]
[Date "2020.01.23"]
[Round "7.3"]
[White "Kovalev, Andrei"]
[Black "Quesada Perez, Luis Ernesto"]
[Result "1/2-1/2"]
[WhiteElo "2489"]
[BlackElo "2491"]
[Annotator "TA"]
[PlyCount "35"]
[EventDate "2020.01.18"]
[EventType "tourn"]
[EventCountry "CZE"]
[SourceTitle "playchess.com"]
[Source "ChessBase"]
[SourceQuality "1"]

{[%evp 19,29,0,13,0,0,2,4,0,4,8,3,-2]} 1. e4 c5 2. Nf3 d6 3. d4 cxd4 4. Nxd4 Nf6 5. Nc3 a6 6. Be2 e5 7. Nb3 Be7 8. Bg5 Be6 9. Bxf6 Bxf6 10. Qd3 O-O {The position is equal.} 11. Rd1 {B92: Sicilian Najdorf: 6 Be2} Be7 12. Nd5 Bxd5 13. Qxd5 Qc7 14. c3 Nd7 15. O-O {[#]} {Predecessor:} b5 $146 16. Na1 Rad8 17. Bf3 Nb6 18. Qb3 {½-½ (30) Almasi,Z (2702)-Yakubboev,N (2521) Batumi 2018} 1/2-1/2

[Event "Marienbad Open GM 2020"]
[Site "Marianske Lazne"]
[Date "2020.01.23"]
[Round "7.4"]
[White "Baenziger, Fabian"]
[Black "Dev, Shah"]
[Result "1-0"]
[WhiteElo "2412"]
[BlackElo "2320"]
[Annotator "TA"]
[PlyCount "75"]
[EventDate "2020.01.18"]
[EventType "tourn"]
[EventCountry "CZE"]
[SourceTitle "playchess.com"]
[Source "ChessBase"]
[SourceQuality "1"]

{[%evp 18,75,4,10,15,2,10,6,10,0,51,58,50,50,49,48,48,8,26,34,33,16,45,42,28,24,175,166,112,106,141,147,218,231,211,222,232,223,218,125,135,105,167,88,193,194,200,204,187,193,237,242,283,270,364,343,29986,254,29987,29988]} 1. d4 d5 2. c4 c6 3. Nc3 Nf6 4. e3 e6 5. Nf3 Nbd7 6. Qc2 b6 7. b3 Bb7 8. Bb2 Be7 9. Be2 O-O 10. O-O Qc7 {D45: Semi-Slav: 5 e3} (10... Rc8 11. Rfd1 Qc7 12. Rac1 Rfe8 13. h3 h6 14. Qb1 Qb8 15. e4 dxe4 16. Nxe4 c5 17. Nxf6+ Nxf6 18. dxc5 Bxc5 19. Be5 Qa8 {½-½ (33) Ljubojevic,L (2571)-Salgado Lopez,I (2643) Linares 2018}) 11. Rad1 Rad8 12. Ne5 $146 ({Predecessor:} 12. Rfe1 Rfe8 13. Bf1 Qb8 14. g3 Qa8 15. Bg2 dxc4 16. bxc4 c5 17. d5 exd5 18. cxd5 Nxd5 19. Nxd5 Bxd5 {0-1 (43) Jorczik,J (2399)-Blomqvist,E (2506) Barcelona 2014}) 12... c5 {The position is equal.} 13. Nxd7 Nxd7 (13... Rxd7 $11 14. cxd5 Nxd5) 14. cxd5 $14 exd5 15. Nb5 Qb8 16. dxc5 bxc5 17. Rd2 a6 18. Nc3 $36 {[%cal Bb5c3,Bc3e2,Be2g3][%mdl 2080] White is pushing.} Nb6 19. Bd3 h6 20. Ne2 Bd6 21. Ng3 Nd7 $2 {[#]} (21... Rfe8 $1 $11) 22. f4 $1 $18 (22. Bh7+ $6 Kh8 $14) 22... d4 (22... Qc7 $18 23. Qd1 (23. Bh7+ Kh8 $16) 23... d4) 23. Nh5 (23. exd4 $6 Bxf4 24. Rdf2 Bxg3 $14) 23... Be7 24. exd4 Nf6 (24... cxd4 $16 25. Bxd4 Nf6 26. Nxf6+ Bxf6 27. Bxf6 gxf6) 25. Nxf6+ Bxf6 26. dxc5 ({Don't do} 26. Qxc5 Rd5 $16) 26... Bxb2 27. Qxb2 Rd5 28. Bc4 (28. Qc2 $18) 28... Rxc5 $16 29. f5 Rd8 (29... Bc8 $16) 30. Rd4 (30. f6 $18 g6 31. Rfd1 Rxd2 32. Qxd2) 30... Rxd4 (30... Qc7 $16) 31. Qxd4 $18 Qe5 32. Qxe5 ({Don't take} 32. Qd8+ $6 Kh7 $14) 32... Rxe5 {[%mdl 4096] Endgame KRB-KRB} 33. Rd1 Bc6 34. Rd8+ Kh7 35. g4 ({Less strong is} 35. Bxf7 Rxf5 36. Rd6 Rf6 $16) 35... h5 36. Bxf7 Be4 $2 {[#]} (36... hxg4 $18 37. Bg8+ Kh8 38. Bf7+ Kh7 39. Bg8+ Kh8 40. Bf7+ Kh7) 37. Bg6+ Kh6 38. h4 {Accuracy: White = 63%, Black = 51%.} 1-0